| 000 | 00437nam a2200145 a 4500 | ||
|---|---|---|---|
| 001 | 000030344 | ||
| 005 | 20200930062250.0 | ||
| 008 | 110510s1990 dr 000 0 spa d | ||
| 040 |
_aDO-SdBNP _bspa _cBNPHU |
||
| 082 |
_axxxx _bD291e |
||
| 245 | 0 | 0 |
_aDecálogo educativo : _bpropuesta de 10 metas nacionales a ser logradas en la presente década. |
| 260 |
_aSanto Domingo : _b[ s. n.], _c1990. |
||
| 300 |
_a8 p. ; _c21 cm. |
||
| 049 | _aBNPD | ||
| 999 |
_c29836 _d29836 |
||